Una specie di solitudine : i diari /

I tiakina i:
Ngā taipitopito rārangi puna kōrero
Kaituhi matua: Cheever, John (Author)
Ētahi atu kaituhi: Cioni, Adelaide
Hōputu: Pukapuka
Reo:Itāriana
I whakaputaina: Milano : Feltrinelli, 2015
Rangatū:Universale economica ; 8621
Ngā Tūtohu: Tāpirihia he Tūtohu
Kāore He Tūtohu, Me noho koe te mea tuatahi ki te tūtohu i tēnei pūkete!

MARC

LEADER 00000nam a22000007i 4500
001 IT\ICCU\MIL\0887321
003 ItRI
005 20260115232045.0
008 150714s2015 it |||||| ||||| |||||c
020 |a 9788807886218 
040 |b ita  |c importazione bologna sebina 
041 7 |a ita  |2 ISO-639-2 
082 |a 813.5  |9 NARRATIVA AMERICANA IN LINGUA INGLESE, 1900-1999  |2 21 
100 1 |a Cheever, John  |0 IT\ICCU\CFIV\026895  |4 aut 
240 1 4 |a The journals of John Cheever  |3 IT\ICCU\RAV\1972108  |9 Cheever, John 
245 1 4 |a Una specie di solitudine :  |b i diari /  |c John Cheever ; traduzione di Adelaide Cioni. 
260 |a Milano :  |b Feltrinelli,  |c 2015 
300 |a 504 p. ;  |c 20 cm 
700 1 |a Cioni, Adelaide  |0 IT\ICCU\UBOV\696371 
830 0 |a Universale economica ;  |v 8621  |0 IT\ICCU\CFI\0001103 
942 |2 ddc  |c BK  |n 0 
952 |0 0  |1 0  |4 0  |6 DOC_818_540000000000000_CHE  |7 0  |9 19295  |a BO  |b BO  |d 2026-01-15  |i 19933  |l 0  |o DOC 818.540 CHE  |p BO19933  |r 2026-01-15 23:20:45  |w 2026-01-15  |x [Sebina 5] [1 v.]  |y BK  |z 1 v. 
999 |c 16424  |d 16424